Лексико-стилістичний аналіз текстів промов премєр-міністра Великобританії Девіда Кемерона (Запис № 285441)

МАРК-запис
000 -LEADER
fixed length control field 01816nam a22001577a 4500
041 ## - LANGUAGE CODE
Language code of text/sound track or separate title ukr
080 ## - UNIVERSAL DECIMAL CLASSIFICATION NUMBER
Universal Decimal Classification number 09
090 ## - LOCALLY ASSIGNED LC-TYPE CALL NUMBER (OCLC); LOCAL CALL NUMBER (OCLC)
Local cutter number (OCLC) ; Book number/undivided call number, CALL (RLIN) ЛІТ
100 ## - MAIN ENTRY--PERSONAL NAME
Personal name Літвінчук, Ю. С.
245 ## - TITLE STATEMENT
Title Лексико-стилістичний аналіз текстів промов премєр-міністра Великобританії Девіда Кемерона
260 ## - PUBLICATION, DISTRIBUTION, ETC. (IMPRINT)
Place of publication, distribution, etc Острог
Name of publisher, distributor, etc КАФ
Date of publication, distribution, etc 2014
300 ## - PHYSICAL DESCRIPTION
Extent 65
520 ## - SUMMARY, ETC.
Summary, etc Вступ.<br/>Розділ І. Аналіз політичного дискурсу.<br/>1.1. Загальні підходи до вивчення політичного дискурсу<br/>1.2. Політичний текст та його лексичні особливості<br/>1.3. Стилістичні засоби англійської мови<br/>1.4. Стилістико-синтаксичні особливості текстів політичного дискурсу<br/>Розділ ІІ. Лексико-стилістичний аналіз текстів промов британського політика Девіда Кемерона.<br/>2.1. Стилістичні засоби використовувані у текстах промов премєр-міністра Великобританії Девіда Кемерона<br/>2.2. Стилістико-синтаксичні засоби у промовах Консервативної партії Великобританії Девіда Камерона<br/>2.3. Лексичний аналіз текстів промов британського політика Девіда Кемерона<br/>Висновки.<br/>Список використаної літератури.<br/>Додатки.
-- політичний дискурс, Великобританія, Д.Кемерон
650 ## - SUBJECT ADDED ENTRY--TOPICAL TERM
Topical term or geographic name as entry element Research Papers
942 ## - ADDED ENTRY ELEMENTS (KOHA)
Koha item type Книги
Фонди
Withdrawn status Lost status Source of classification or shelving scheme Damaged status Not for loan Home library Current library Date acquired Source of acquisition Cost, normal purchase price Total Checkouts Full call number Barcode Date last seen Price effective from Koha item type
    Universal Decimal Classification     ВІЛ - Відділ іноземн. літератури НБ ВІЛ - Відділ іноземн. літератури НБ 17/06/2014 Акт №8 1.00   09 215475 10/11/2021 17/06/2014 Книги